| 000 | 00898nas a2200289 4500 | ||
|---|---|---|---|
| 001 | BR0700857 | ||
| 003 | BR-BrBNA | ||
| 005 | 20231205110842.0 | ||
| 007 | ta | ||
| 008 | 230509b bl.|||p| |||| 00| 00por d | ||
| 040 |
_aBR-BrBNA _bpor _cBiblioteca Nacional de Agricultura |
||
| 041 | _a(Pt) | ||
| 072 | _aL73 | ||
| 100 | 1 | _aVilela, S.M. de O. | |
| 100 | 1 | _aPinheiro Júnior, J.W. | |
| 100 | 1 | _aBarbosa, R.A. | |
| 100 | 1 | _aMedeiros, E.S. de | |
| 100 | 1 | _aMota, R.A. | |
| 245 | 1 | _aSurto de colisepticemia em poedeiras comerciais provenientes de granjas do Estado de Pernambuco | |
| 650 | _aGALINHA PARA POSTURA | ||
| 650 | _aBACTERIA | ||
| 650 | _aESCHERICHIA COLI | ||
| 650 | _aPERNAMBUCO | ||
| 773 | 0 |
_tCiência Veterinária nos Trópicos (Brazil) _xISSN 1415-6326 _g(Jan-Apr 2006), v. 9(1) p. 36-40 _wBR0700857 |
|
| 909 |
_a202311 _bLúcia _c55 _dLúcia Elande |
||
| 942 |
_2AGRIS _n0 _cANA |
||
| 999 |
_c189429 _d189429 |
||